000 01898nam0a2200397 4500
001 RU\NLR\BIBL_A\012258607
005 20200703114800.0
010 _a978-5-906367-62-4
_9100
021 _aRU
_bКН-П-20-010218
_9КН-П-20-0794
035 _a(NLR Aleph) 012258607
035 _a(RuMoRGB)010280737
090 _a11119386
_c11119385
100 _a20200327d2018 k y0rusy50 ca
101 0 _arus
102 _aRU
105 _aa zzzz00000zy
181 0 _ai
_baxxe
182 0 _an
200 1 _aПсихологическое сопровождение формирования профессиональной идентичности у будущих медицинских работников среднего звена
_eмонография
_fА. Ю. Макоева, Р. Р. Накохова
203 _aТекст
_bвизуальный
_cнепосредственный
210 _aМосква
_cМеждународные отношения
_d2018
215 _a148, [1] с.
_cил., табл.
_d20
320 _aБиблиогр.: с. 134-149 (225 назв.)
606 1 _aСредний медицинский персонал
_xПрофессионализм
_2nlr_sh2
_3RU\NLR\AUTH\6601671099
606 1 _aВысшие медицинские учебные заведения
_xСтуденты
_xПодготовка
_xПсихологические исследования
_2nlr_sh2
_3RU\NLR\AUTH\6601671182
610 0 _aмедицинские работники среднего звена
686 1 _aР11(2)п92
686 1 _aЮ948.19
686 1 _aС550.54
700 1 _aМакоева
_bА. Ю.
_gАида Юрьевна
701 1 _aНакохова
_bР.Р.
_gРида Рашидовна
_3RU\NLR\AUTH\7744339
942 _cBOOK
980 _aNBR
980 _aNB